01719nam a2200385Ia 4500001001200000003000800012006001900020007001500039008004100054010001700095020003500112020001800147020003800165040002100203035002100224050002400245082003200269100002600301245010800327260005500435300002300490490006200513504005100575533015200626650006000778650004600838650007500884650006300959651006301022655002901085710001701114830005901131856012601190999001701316ebr10618025CaPaEBRm u cr cn|||||||||120402s2012 waua sb s001 0deng d z 2012011201 z0295992093 (pbk. : alk. paper) z9780295804460 z9780295992099 (pbk. : alk. paper) aCaPaEBRcCaPaEBR a(OCoLC)81597081014aD753.8b.T36 2012eb04a940.54/81730899560795612231 aTamura, Linda,d1949-10aNisei soldiers break their silenceh[electronic resource] :bcoming home to Hood River /cLinda Tamura. aSeattle :bUniversity of Washington Press,cc2012. axx, 346 p. :bill.1 aThe Scott and Laurie Oki series in Asian American studies aIncludes bibliographical references and index. aElectronic reproduction.bPalo Alto, Calif. :cebrary,d2011.nAvailable via World Wide Web.nAccess may be limited to ebrary affiliated libraries. 0aWorld War, 1939-1945xParticipation, Japanese American. 0aWorld War, 1939-1945xJapanese Americans. 0aJapanese American soldierszOregonzHood RiverxHistoryy20th century. 0aJapanese American soldierszOregonzHood RivervBiography. 0aHood River (Or.)xEthnic relationsxHistoryy20th century. 7aElectronic books.2local2 aebrary, Inc. 0aScott and Laurie Oki series in Asian American studies.40uhttp://site.ebrary.com/lib/rucke/Doc?id=10618025zAn electronic book accessible through the World Wide Web; click to view c54870d54870